| 000 | 01023nam a2200229 a 4500 | ||
|---|---|---|---|
| 005 | 20161118142231.0 | ||
| 008 | 161118s2014 ck abd||r|||| 00| 0 spa d | ||
| 020 | _a9789588758978 | ||
| 040 |
_aCO-BoIAVH _cCO-BoIAVH |
||
| 041 | 0 | _aspa | |
| 044 | _ack | ||
| 090 |
_aFG- _b0089 |
||
| 245 | 0 | 0 |
_aVulnerabilidad de la región capital a los efectos del cambio climático : _bOpciones para la adaptación / _cIDEAM y PNUD |
| 260 |
_aBogotá, Colombia : _bIDEAM : _bPNUD, _c2014. |
||
| 300 |
_a20 páginas aproximadamente sin numerar : _bilustraciones a color, mapas, gráficas y tablas ; _c23 x 23 cm. |
||
| 500 | _aPlan Regional Integral de Cambio Climático Región Capital Bogotá - Cundinamarca. | ||
| 650 | 2 | 6 |
_aCambio climático _xRiesgo _zBogotá (Colombia) |
| 650 | 2 | 6 |
_aBiodiversidad _xpérdida _zBogotá (Colombia) |
| 710 | 2 | _aInstituto de Hidrologia, Metereologia y Estudios Ambientales | |
| 710 | 2 | _aPrograma de las Naciones Unidas para el Desarrollo (PNUD) | |
| 942 |
_2z _cFolleto |
||
| 999 |
_c19120 _d19120 |
||